000
00352nam a2200133Ia 4500
008
151001s9999||||xx |||||||||||||| ||und||
100
_a
जनार्दन ओक
245
_a
सापळा
250
_a
1
260
_b
"निखील प्रकाशन, कोल्हापूर"
260
_c
2012
300
_a
231
365
_b
18
999
_c
999736
_d
999733